<?xml version="1.0" encoding="UTF-8"?>
<record
    xmlns:xsi="http://www.w3.org/2001/XMLSchema-instance"
    xsi:schemaLocation="http://www.loc.gov/MARC21/slim http://www.loc.gov/standards/marcxml/schema/MARC21slim.xsd"
    xmlns="http://www.loc.gov/MARC21/slim">

  <leader>00765nam a22002417a 4500</leader>
  <controlfield tag="003">BI-BuBU</controlfield>
  <controlfield tag="008">250321b1973    xxcaaaafr|||| 001 0 fre d</controlfield>
  <datafield tag="020" ind1=" " ind2=" ">
    <subfield code="a">0777000938</subfield>
  </datafield>
  <datafield tag="037" ind1=" " ind2=" ">
    <subfield code="a">070761</subfield>
    <subfield code="b">Don</subfield>
  </datafield>
  <datafield tag="039" ind1=" " ind2=" ">
    <subfield code="a">20250321082355.0</subfield>
    <subfield code="b">Constance Niyimpa</subfield>
  </datafield>
  <datafield tag="040" ind1=" " ind2=" ">
    <subfield code="a">BI-BuBU</subfield>
    <subfield code="b">fre</subfield>
    <subfield code="c">BI-BuBU</subfield>
  </datafield>
  <datafield tag="041" ind1="0" ind2=" ">
    <subfield code="a">fre</subfield>
  </datafield>
  <datafield tag="080" ind1=" " ind2=" ">
    <subfield code="a">650.01</subfield>
  </datafield>
  <datafield tag="100" ind1="1" ind2=" ">
    <subfield code="4">aut.</subfield>
    <subfield code="a">Perreault, Yvon G.</subfield>
  </datafield>
  <datafield tag="245" ind1="1" ind2="0">
    <subfield code="a">Recherche op&#xE9;rationnelle</subfield>
    <subfield code="b">techniques d&#xE9;cisionnelles</subfield>
    <subfield code="c">par Yvon G. Perreault.</subfield>
  </datafield>
  <datafield tag="260" ind1=" " ind2=" ">
    <subfield code="a">Qu&#xE9;bec</subfield>
    <subfield code="b">Presses de l'Universit&#xE9; du Qu&#xE9;bec1973</subfield>
    <subfield code="c">1973</subfield>
  </datafield>
  <datafield tag="300" ind1=" " ind2=" ">
    <subfield code="a">XII-323 p.</subfield>
    <subfield code="b">couv.ill.en coul.</subfield>
    <subfield code="c">23 cm.</subfield>
  </datafield>
  <datafield tag="504" ind1=" " ind2=" ">
    <subfield code="a">Bibliogr.Index.</subfield>
  </datafield>
  <datafield tag="650" ind1=" " ind2="7">
    <subfield code="2">BI-BuBU</subfield>
    <subfield code="a">D&#xE9;cision</subfield>
    <subfield code="x">Recherche op&#xE9;rationnelle</subfield>
    <subfield code="x">Entreprise</subfield>
  </datafield>
  <datafield tag="655" ind1=" " ind2="7">
    <subfield code="2">BI-BuBU</subfield>
    <subfield code="a">Book</subfield>
  </datafield>
  <datafield tag="942" ind1=" " ind2=" ">
    <subfield code="2">udc</subfield>
    <subfield code="c">BK</subfield>
  </datafield>
  <datafield tag="999" ind1=" " ind2=" ">
    <subfield code="c">51767</subfield>
    <subfield code="d">51767</subfield>
  </datafield>
  <datafield tag="952" ind1=" " ind2=" ">
    <subfield code="0">0</subfield>
    <subfield code="1">0</subfield>
    <subfield code="2">udc</subfield>
    <subfield code="4">0</subfield>
    <subfield code="7">0</subfield>
    <subfield code="9">83321</subfield>
    <subfield code="a">BFSEA</subfield>
    <subfield code="b">BFSEA</subfield>
    <subfield code="d">2025-03-21</subfield>
    <subfield code="e">Dons de l'AUPELF</subfield>
    <subfield code="l">0</subfield>
    <subfield code="o">650.01 PER.</subfield>
    <subfield code="p">5010000794484</subfield>
    <subfield code="r">2025-03-21</subfield>
    <subfield code="w">2025-03-21</subfield>
    <subfield code="y">BK</subfield>
    <subfield code="i">070761</subfield>
  </datafield>
</record>
